000
00280nam a22001217a 4500
008
xxu||||| |||| 00| 0 eng d
020
_a
9780071750875
020
_a
0071750878
041
0
_a
eng
080
_a
336
245
1
0
_a
Options demystified /
_c
by Thomas McCafferty.
942
_2
udc
_c
BK
999
_c
711
_d
711